000 00454nam a2200145Ia 4500
008 221007s9999 xx 000 0 und d
041 _aeng
082 _bPRA
100 _aPrachi Govardhan - 2k171124 & Prof. Ganesh Lotke - Guide
_9104999
245 _aSupply Chain Management Practices In Automobile Industry In India
260 _c2018
_bSavitribai Phule Pune University
_aPune
300 _a64p
_cHard Bound
440 _v1
906 _bReference Books
999 _c78120
_d78120